| 000 | 00744 a2200169 4500 | ||
|---|---|---|---|
| 999 |
_c25787 _d25787 |
||
| 020 | _a9781137607348 | ||
| 082 |
_a330.015195 _bECO- |
||
| 100 | _aGujarati,Damodar | ||
| 245 | _aEconometrics by example | ||
| 250 | _a2nd Edition | ||
| 260 |
_bPalgrave _c2015 _aGujarat |
||
| 300 | _axxix, 465p | ||
| 504 | _aInclude Index | ||
| 520 | _aThe second edition of this bestselling textbook retains its unique learning-by-doing approach to the study of econometrics. Rather than relying on complex theoretical discussions and complicated mathematics, this book explains econometrics from a practical point of view by walking the student through real-life examples, step by step. | ||
| 650 |
_aEconometrics _vRegression analysis |
||
| 942 |
_2ddc _cBK |
||